000
00280nam a2200097Ia 4500
008
220204s9999 xx 000 0 und d
082
_a
641:631(03)
_b
MCG
245
0
_a
McGraw Hill encyclopedia of food, agriculture and nutrition
260
_a
New York
_b
McGraw Hill
_c
1977
942
_c
BK
999
_c
28255
_d
28255